|
|
|
|
| LEADER |
01749nam a2200445 a 4500 |
| 001 |
nkc20071703796 |
| 003 |
CZ PrNK |
| 005 |
20070903151832.0 |
| 007 |
ta |
| 008 |
070105s2007 xr abe f 000 0 eng |
| 015 |
|
|
|a cnb001703796
|
| 020 |
|
|
|a 978-80-239-8569-6
|q (váz.)
|
| 035 |
|
|
|a (OCoLC)187295458
|
| 040 |
|
|
|a OLA001
|b cze
|d ABA001
|
| 041 |
1 |
|
|a eng
|h cze
|
| 043 |
|
|
|a e-xr---
|
| 072 |
|
7 |
|a 624
|x Stavební inženýrství
|2 Konspekt
|9 19
|
| 080 |
|
|
|a 624.1
|2 MRF
|
| 080 |
|
|
|a 624.19
|2 MRF
|
| 080 |
|
|
|a (437.3)
|2 MRF
|
| 080 |
|
|
|a (048.8)
|2 MRF
|
| 242 |
1 |
0 |
|a Podzemní stavitelství v České republice
|
| 245 |
0 |
0 |
|a Underground construction in the Czech Republic /
|c [composite authors Jiří Barták ... et al. ; translation for English language edition Karel Scharf]
|
| 260 |
|
|
|a Praha :
|b SATRA,
|c 2007
|
| 300 |
|
|
|a 318 s. :
|b barev. il., mapy, plány ;
|c 31 cm
|
| 500 |
|
|
|a Přeloženo z češtiny
|
| 500 |
|
|
|a Kniha byla vydána u příležitosti konání světového tunelářského kongresu ITA/AITES World Tunnel Congress 2007 v Praze
|
| 650 |
0 |
7 |
|a podzemní stavby
|7 ph124177
|z Česko
|2 czenas
|
| 650 |
0 |
7 |
|a tunely
|7 ph126790
|z Česko
|2 czenas
|
| 650 |
0 |
9 |
|a underground construction
|z Czechia
|2 eczenas
|
| 650 |
0 |
9 |
|a tunnels
|z Czechia
|2 eczenas
|
| 655 |
|
7 |
|a monografie
|7 fd132842
|2 czenas
|
| 655 |
|
9 |
|a monographs
|2 eczenas
|
| 700 |
1 |
|
|a Barták, Jiří,
|d 1939 červen 13.-
|7 jo2002112149
|4 aut
|
| 856 |
4 |
1 |
|u http://www.digitalniknihovna.cz/mzk/uuid/uuid:12da5f40-a1c1-11e6-baa5-005056827e51
|y Digitalizovaný dokument
|x NDK
|
| 910 |
2 |
|
|a BOA001
|b 4-1187.060
|
| 990 |
|
|
|a BK
|
| 995 |
|
|
|a 01
|
| 991 |
|
|
|b 200706
|c NOV
|
| 996 |
6 |
|
|b 2610312204
|c 4-1187.060
|l MZK
|r Sklad / do 1 hodiny
|n 0
|p p.v.
|w 000850496
|u 000010
|a 1
|e BOA001
|j MZK50
|s P
|